<?xml version="1.0" encoding="UTF-8"?><?xml-stylesheet type="text/xsl" href="static/style.xsl"?><OAI-PMH xmlns="http://www.openarchives.org/OAI/2.0/" xmlns:xsi="http://www.w3.org/2001/XMLSchema-instance" xsi:schemaLocation="http://www.openarchives.org/OAI/2.0/ http://www.openarchives.org/OAI/2.0/OAI-PMH.xsd"><responseDate>2026-04-27T19:54:39Z</responseDate><request verb="GetRecord" identifier="oai:uvadoc.uva.es:10324/52492" metadataPrefix="marc">https://uvadoc.uva.es/oai/request</request><GetRecord><record><header><identifier>oai:uvadoc.uva.es:10324/52492</identifier><datestamp>2022-03-16T21:51:23Z</datestamp><setSpec>com_10324_38</setSpec><setSpec>col_10324_787</setSpec></header><metadata><record xmlns="http://www.loc.gov/MARC21/slim" xmlns:doc="http://www.lyncode.com/xoai" xmlns:xsi="http://www.w3.org/2001/XMLSchema-instance" xmlns:dcterms="http://purl.org/dc/terms/" xsi:schemaLocation="http://www.loc.gov/MARC21/slim http://www.loc.gov/standards/marcxml/schema/MARC21slim.xsd">
<leader>00925njm 22002777a 4500</leader>
<datafield tag="042" ind1=" " ind2=" ">
<subfield code="a">dc</subfield>
</datafield>
<datafield tag="720" ind1=" " ind2=" ">
<subfield code="a">Teso Calderón, Laura</subfield>
<subfield code="e">author</subfield>
</datafield>
<datafield tag="260" ind1=" " ind2=" ">
<subfield code="c">2021</subfield>
</datafield>
<datafield tag="520" ind1=" " ind2=" ">
<subfield code="a">La sexualidad ha sido siempre un tabú y un tema controvertido en el ámbito eclesiástico.&#xd;
Esa es la razón por la que las patologías relacionadas con el ámbito sexual padecidas por&#xd;
miembros de la Iglesia fueron interpretadas como otro tipo de enfermedades, en un intento&#xd;
de preservar su dignidad monástica. El objetivo de este trabajo es analizar la curatio 4.36,&#xd;
recogida en la magna obra Curationum medicinalium centuriae septem del médico&#xd;
portugués Amato Lusitano, que se ocupa de un caso de mola en una monja de clausura.&#xd;
Este trabajo se ha dividido en cuatro partes: una primera introducción a la figura y obra&#xd;
de Amato, un pequeño recorrido por los saberes ginecológicos antiguos, medievales y&#xd;
renacentistas, la edición y traducción de la curatio 4.36 y, finalmente, un comentario&#xd;
sobre ella.</subfield>
</datafield>
<datafield tag="520" ind1=" " ind2=" ">
<subfield code="a">Sexuality has always been a taboo and a controversial topic in the ecclesiastical sphere.&#xd;
That is why the pathologies related to the sexual field suffered by members of the Church&#xd;
were interpreted as other types of diseases, in an attempt to preserve their monastic&#xd;
dignity. The aim of this work is to analyze the curatio 4.36, collected in the great work&#xd;
Curationum medicinalium centuriae septem of the Portuguese physician Amato Lusitano,&#xd;
who deals with a case of mola in a cloistered nun. This work has been divided into four&#xd;
parts: a first introduction to the figure and work of Amato, a short tour of ancient,&#xd;
medieval and Renaissance gynecological knowledge, the edition and translation of&#xd;
curatio 4.36 and, finally, a commentary on it.</subfield>
</datafield>
<datafield tag="024" ind2=" " ind1="8">
<subfield code="a">https://uvadoc.uva.es/handle/10324/52492</subfield>
</datafield>
<datafield tag="245" ind1="0" ind2="0">
<subfield code="a">Padecimientos femeninos en Amato Lusitano: ¿embarazo o mola? (Centurias medicinales 4.36)</subfield>
</datafield>
</record></metadata></record></GetRecord></OAI-PMH>